|
|
|
|
| LEADER |
00000nam0a2200000 4500 |
| 001 |
31731 |
| 005 |
20231030204553.0 |
| 010 |
|
|
|a 5230004020
|
| 035 |
|
|
|a (RuTPU)RU\TPU\book\32023
|
| 035 |
|
|
|a BOOK00000102
|
| 090 |
|
|
|a 31731
|
| 100 |
|
|
|a 20011210d1992 k y0rusy50 ca
|
| 101 |
0 |
|
|a rus
|
| 102 |
|
|
|a RU
|
| 105 |
|
|
|a 001|y
|
| 200 |
1 |
|
|a Вопросы регулирования экономического и социального развития в условиях перехода к рыночным отношениям
|e Сборник научных трудов
|f Тверской гос. ун-т
|
| 210 |
|
|
|a Тверь
|c [Б. и.]
|d 1992
|
| 215 |
|
|
|a 87 с.
|
| 320 |
|
|
|a Библиогр. в конце ст.
|
| 333 |
|
|
|a Исключено из фонда НТБ ТПУ
|
| 712 |
0 |
2 |
|a Тверской государственный университет
|
| 801 |
|
0 |
|a RU
|b 63413507
|c 20011210
|g PSBO
|
| 801 |
|
2 |
|a RU
|b 63413507
|c 20170529
|g RCR
|
| 942 |
|
|
|c BK
|